[Event "Catalunya-chT Primera Gp1"]
[Site "Catalunya"]
[Date "2008.02.24"]
[Round "5"]
[White "Tisseyre, Yannick"]
[Black "Montoliu Torne, Antoni"]
[Result "1-0"]
[WhiteElo "2124"]
[BlackElo "2070"]
[PlyCount "37"]
[EventDate "2008.01.27"]
[EventType "team-tourn"]
[EventRounds "9"]
[EventCountry "ESP"]
[SourceTitle "EXT 2019"]
[Source "ChessBase"]
[SourceDate "2018.10.10"]
[SourceVersion "1"]
[SourceVersionDate "2018.10.10"]
[SourceQuality "1"]

1. e4 e6 2. d4 d5 3. Nc3 Bb4 4. e5 c5 5. a3 Bxc3+ 6. bxc3 Qc7 7. Nf3 Nc6 8. Bd3 cxd4 9. cxd4 Nxd4 10. Nxd4 Qc3+ 11. Qd2 Qxa1 12. 0-0 Bd7 13. Qb4 a5 14. Qxb7 Qxd4 15. Qxa8+ Ke7 16. Be3 Qc3 17. Qb8 Qc6 18. Rb1 f6 19. Rb6 1-0

[Event "Catalunya-chT Primera Gp1"]
[Site "Catalunya"]
[Date "2008.02.10"]
[Round "3"]
[White "Bautista Sanchez, Joan"]
[Black "Montoliu Torne, Antoni"]
[Result "1/2-1/2"]
[WhiteElo "2220"]
[BlackElo "2070"]
[PlyCount "91"]
[EventDate "2008.01.27"]
[EventType "team-tourn"]
[EventRounds "9"]
[EventCountry "ESP"]
[SourceTitle "EXT 2019"]
[Source "ChessBase"]
[SourceDate "2018.10.10"]
[SourceVersion "1"]
[SourceVersionDate "2018.10.10"]
[SourceQuality "1"]

1. c4 e6 2. Nf3 f5 3. Nc3 Nf6 4. g3 Be7 5. Bg2 0-0 6. 0-0 d5 7. d4 c6 8. Bf4 Qe8 9. Ne5 Nbd7 10. Qd3 Nxe5 11. Bxe5 Ng4 12. Rad1 Nxe5 13. dxe5 f4 14. e4 fxe3 15. Qxe3 Kh8 16. Rd2 b5 17. cxb5 cxb5 18. Rc1 Bd7 19. Ne2 Bd8 20. Nd4 Bb6 21. Qd3 Qh5 22. f4 g5 23. Rf1 gxf4 24. gxf4 Rac8 25. Kh1 Rc4 26. Ne2 b4 27. Ng3 Qh6 28. Ne2 Bb5 29. Qh3 Qxh3 30. Bxh3 Re4 31. Bg4 Bxe2 32. Rxe2 Rxe2 33. Bxe2 Be3 34. Bg4 Rxf4 35. Rxf4 Bxf4 36. Bxe6 Bxe5 37. Bxd5 Bxb2 38. Kg2 Kg7 39. Kf3 Kf6 40. Ke4 a5 41. Bb3 Kg5 42. Ba4 Kg4 43. Bd7+ Kh4 44. Kd3 a4 45. Kc2 Be5 46. h3 1/2-1/2

[Event "Balaguer op 11th"]
[Site "Balaguer"]
[Date "2006.07.20"]
[Round "4"]
[White "Montoliu Torne, Antoni"]
[Black "Vassallo Barroche, Mauricio"]
[Result "0-1"]
[WhiteElo "2073"]
[BlackElo "2374"]
[PlyCount "62"]
[EventDate "2006.07.17"]
[EventType "swiss"]
[EventRounds "10"]
[EventCountry "ESP"]
[SourceTitle "CBM 113 Extra"]
[Source "ChessBase"]
[SourceDate "2006.09.14"]
[SourceVersion "1"]
[SourceVersionDate "2006.09.14"]
[SourceQuality "1"]

1. c4 g6 2. Nc3 Bg7 3. d4 Nf6 4. e4 d6 5. f3 0-0 6. Be3 Nbd7 7. Qd2 c5 8. d5 a6 9. g4 b5 10. h4 h5 11. Bh6 Ne5 12. Bxg7 Kxg7 13. g5 Nfd7 14. f4 Ng4 15. cxb5 Qa5 16. Nf3 Nb6 17. Nh2 Na4 18. Be2 axb5 19. Nxg4 Nxc3 20. bxc3 Bxg4 21. Bxg4 hxg4 22. f5 Qa4 23. Qe3 Qc4 24. f6+ exf6 25. gxf6+ Kxf6 26. h5 Rae8 27. 0-0-0 Qxe4 28. Qf2+ Kg7 29. h6+ Kh7 30. Qf6 Qe5 31. Qh4 Qxc3+ 0-1

[Event "Balaguer op 11th"]
[Site "Balaguer"]
[Date "2006.07.17"]
[Round "1"]
[White "Delchev, Aleksander"]
[Black "Montoliu Torne, Antoni"]
[Result "1-0"]
[WhiteElo "2637"]
[BlackElo "2073"]
[PlyCount "51"]
[EventDate "2006.07.17"]
[EventType "swiss"]
[EventRounds "10"]
[EventCountry "ESP"]
[SourceTitle "CBM 113 Extra"]
[Source "ChessBase"]
[SourceDate "2006.09.14"]
[SourceVersion "1"]
[SourceVersionDate "2006.09.14"]
[SourceQuality "1"]

1. e4 e6 2. d4 d5 3. Nd2 Nf6 4. e5 Nfd7 5. c3 c5 6. Bd3 Nc6 7. Ngf3 Be7 8. 0-0 0-0 9. Re1 Rb8 10. dxc5 Nxc5 11. Bc2 b5 12. Nd4 Bd7 13. Qh5 g6 14. Qg4 a5 15. N2f3 b4 16. Bh6 Re8 17. h4 Bf8 18. Qf4 Bxh6 19. Qxh6 f5 20. exf6 Qxf6 21. Nxc6 Bxc6 22. Ne5 Bb5 23. h5 Rf8 24. hxg6 Qxf2+ 25. Kh1 Rf6 26. Qxh7+ 1-0

[Event "Barcelona"]
[Site "Barcelona"]
[Date "1997.??.??"]
[Round "?"]
[White "Quintas Galeano, Lluis"]
[Black "Montoliu Torne, Antoni"]
[Result "1-0"]
[WhiteElo "2065"]
[BlackElo "2180"]
[PlyCount "59"]
[EventDate "1997.??.??"]
[EventType "tourn"]
[EventRounds "9"]
[EventCountry "ESP"]
[SourceTitle "EXT 2008"]
[Source "ChessBase"]
[SourceDate "2007.11.25"]
[SourceVersion "1"]
[SourceVersionDate "2007.11.25"]
[SourceQuality "1"]

1. e4 d6 2. d4 Nf6 3. Nc3 g6 4. f4 Bg7 5. Nf3 0-0 6. Bd3 Na6 7. a3 c5 8. dxc5 Nxc5 9. 0-0 b6 10. Qe2 Bb7 11. Rb1 Rc8 12. Bd2 e6 13. h3 d5 14. e5 Nfe4 15. Be1 f6 16. Rd1 Qc7 17. Nb5 Qb8 18. b4 Nxd3 19. cxd3 a6 20. Nbd4 Nc3 21. Bxc3 Rxc3 22. Nxe6 Rfc8 23. Nxg7 Kxg7 24. exf6+ Kxf6 25. Rfe1 Qd6 26. Ng5 R8c7 27. Qe8 Bc8 28. Qh8+ Kf5 29. g3 Re7 30. Qxc3 1-0